Ricostruisci la Carriera del Calciatore - Adama Traoré - Statistics

Statistiche generali
  • Questo quiz è stato fatto 17 volte
  • Il punteggio medio è 5 su 8
Statistiche sulle risposte
Hint Risposta % Corretto
2013-2015 Barcellona B
85%
2018-2022 Wolverhampton
77%
2022 Barcellona
62%
2023- Fulham
62%
2016-2018 Middlesbrough
54%
2022-2023 Wolverhampton
54%
2013-2015 Barcellona
46%
2015-2016 Aston Villa
31%
Nessun quiz corrispondente trovato
Distribuzione punteggi
Percentuale di utenti per punteggio
Percentile per numero di risposta
I tuoi punteggi nel tempo
Non hai fatto questo quiz